000
00235 a2200097 4500
001
42935
100
_a
Inayatullah
245
_a
Bureaucracy development in Pakistan
260
_a
Peshawar
_b
pak acad for rural
_c
090
_c
26815
_d
26815
942
_a
NUST-CAE
_c
M
_c
18686
999
_c
278008
_d
278008